Statistiken für Mauretanien-Quiz

Klicken Sie hier um das Quiz zu spielen!

Allgemein

  • Dieses Quiz wurde 54 mal gespielt
  • Das Durchschnittsergebnis liegt bei 13 aus 17

Antwortstatistiken

Frage Antwort % Korrekt
NachbarlandMali
100%
NachbarlandSenegal
100%
Bestrittene Region, die an Mauretanien grenztWestsahara
100%
NachbarlandAlgerien
98%
Religion von 99% der Bevölkerung MauretanienIslam
95%
Sandwüste, die den Grossteil Mauretaniens bedecktSahara
95%
AmtsspracheArabisch
93%
1960 wurde Mauretanien von diesem Land unabhängigFrankreich
93%
Hauptstadt von MauretanienNouakchott
86%
"M" Region Afrikas, in welcher sich Mauretanien befindetMaghreb
82%
Mauretanien schaffte theoretisch diese grausame Tat 1981 ab, die jedoch immer noch bestehtSklaverei
82%
Bedeutung des Namens "Mauretanien"Land der {Mauren}
73%
Metall, das 45% der Exporte Mauretaniens darstelltEisen
70%
Mauretanien befand sich einst weiter nördlich und war eine Provinz dieses Reiches{Römisches} Reich
66%
Bedeutung des Namens der HauptstadtOrt der {Winde}
32%
Währung MauretaniensOuguiya
25%
Französisches Schiff, das 1816 vor der Küste Mauretaniens auf Grund lief
(durch ein Gemälde von Theodore Géricault berühmt geworden)
Méduse
25%

Verteilung der Resultate

Perzentil nach korrekt beantworteten Fragen

Anzahl Personen mit jedem Resultat

Ihre Resultats-Entwicklung

Sie haben dieses Quiz noch nicht gespielt